| 000 | 00572nam a2200205 a 4500 | ||
|---|---|---|---|
| 005 | 20240920064042.0 | ||
| 008 | 991125s1987 es 000 0 spa u | ||
| 035 | _aUPN01000004368 | ||
| 040 |
_aUPN _bspa _cUPN |
||
| 049 | _aCG | ||
| 050 | 4 |
_aLB1117 _bZ3.3 |
|
| 100 | 1 |
_aZabalza, Miguel Ángel _929512 |
|
| 245 | 1 | 0 |
_aAreas, medios y evaluación en la educación infantil / _cMiguel Angel Zabalza. |
| 260 |
_aMadrid : _bNarcea, _c1987. |
||
| 300 | _a302 p. | ||
| 440 | 0 | _aPrimeros años | |
| 650 | 4 |
_aEducación de niños _95387 |
|
| 905 | _aLibro | ||
| 942 |
_2lcc _cLIBRO |
||
| 999 |
_c4368 _d4368 |
||